• 首页
  • 本馆介绍
  • 公告通知
  • 最新文献
  • 馆藏检索
  • 电子资源
  • 读者导购
  • 参考咨询
  • 我的图书馆
  • 登录
  • 详细信息显示
  • 放入我的书架
  • 预约/预借图书
  • 作者相关作品
  • 分类相关作品
  • 丛书相关作品
  • 出版社相关作品

书目信息

  • 表格格式
  • 工作单格式
  • 卡片格式
题名:
食用菌菌种规范化生产技术问答
    
 
作者: 丁湖广 主编
分册:  
出版信息: 北京   金盾出版社  2010
页数: 16,288页
开本: 19cm
丛书名: 专家释疑解难农业技术丛书
单 册:
中图分类: S646.036 , S646.03
科图分类:
主题词: 食用菌类--菌种--培养(育种) , 食用菌类 , 菌种 , 培养(育种)
电子资源:
ISBN: 978-7-5082-6634-3
000 01071nam0 2200277 450
001 2366520984
005 20231216182925.25
010    @a978-7-5082-6634-3@dCNY 18.00
100    @a20110408d2010 em y0chiy0120 ea
101 0  @achi
102    @aCN@b110000
105    @aa z 000yy
200 1  @a食用菌菌种规范化生产技术问答@Ashi yong jun jun zhong gui fan hua sheng chan ji shu wen da@f丁湖广主编
210    @a北京@c金盾出版社@d2010
215    @a16,288页@c图@d19cm
225 1  @a专家释疑解难农业技术丛书
330    @a本书围绕当前食用菌菌种生产技术规范化,介绍菌种生产基础知识,菌种规范化生产基本设备,母种规范化生产技术,原种规范化生产技术,栽培种规范化生产技术,颗粒型菌种生产技术,液体菌种生产技术,HACCP在菌种生产管理中的应用,菌种质量标准与检测,菌种经营包装运输与保藏10个部分。
606 0  @a食用菌类@x菌种@x培养(育种)
606 0  @a食用菌类
606 0  @a菌种
606 0  @a培养(育种)
690    @aS646.036@v5
690    @aS646.03@v4
701  0 @c(回)@a丁湖广@f(1933~)@Ading hu guang@4主编
801  2 @aCN@b辽宁北配@c20231205
905    @aBZT@dS646.03@e88
    
    食用菌菌种规范化生产技术问答/丁湖广主编.-北京:金盾出版社,2010
    16,288页:图;19cm.-(专家释疑解难农业技术丛书)
    
    
    ISBN 978-7-5082-6634-3:CNY 18.00
    本书围绕当前食用菌菌种生产技术规范化,介绍菌种生产基础知识,菌种规范化生产基本设备,母种规范化生产技术,原种规范化生产技术,栽培种规范化生产技术,颗粒型菌种生产技术,液体菌种生产技术,HACCP在菌种生产管理中的应用,菌种质量标准与检测,菌种经营包装运输与保藏10个部分。
●
相关链接 在五车中查询图书 在当当中查询图书 在豆瓣中查询图书


正题名:食用菌菌种规范化生产技术问答     索取号:S646.03/88         预约/预借

序号 登录号 条形码 馆藏地/架位号 状态 备注
1 2001623367   2001623367   辽三/辽宁北配(第三批)/2609/ [索取号:S646.03/88] 在馆    
2 2001623368   2001623368   辽三/辽宁北配(第三批)/2609/ [索取号:S646.03/88] 在馆    
3 2001623369   2001623369   辽三/辽宁北配(第三批)/2609/ [索取号:S646.03/88] 在馆    
4 2001623370   2001623370   辽三/辽宁北配(第三批)/2609/ [索取号:S646.03/88] 在馆    
5 2001623371   2001623371   辽三/辽宁北配(第三批)/2609/ [索取号:S646.03/88] 在馆    
6 2001623372   2001623372   辽三/辽宁北配(第三批)/2609/ [索取号:S646.03/88] 在馆    
7 2001623373   2001623373   辽三/辽宁北配(第三批)/2609/ [索取号:S646.03/88] 在馆    
8 2001623374   2001623374   辽三/辽宁北配(第三批)/2609/ [索取号:S646.03/88] 在馆    
9 2001623375   2001623375   辽三/辽宁北配(第三批)/2609/ [索取号:S646.03/88] 在馆    
10 2001623376   2001623376   辽三/辽宁北配(第三批)/2609/ [索取号:S646.03/88] 在馆    
11 2001623377   2001623377   辽三/辽宁北配(第三批)/2609/ [索取号:S646.03/88] 在馆    
12 2001623378   2001623378   辽三/辽宁北配(第三批)/2609/ [索取号:S646.03/88] 在馆    
13 2001623379   2001623379   辽三/辽宁北配(第三批)/2609/ [索取号:S646.03/88] 在馆    
14 2001623380   2001623380   辽三/辽宁北配(第三批)/2609/ [索取号:S646.03/88] 在馆    
15 2001623381   2001623381   辽三/辽宁北配(第三批)/2609/ [索取号:S646.03/88] 在馆    
16 2001623382   2001623382   辽三/辽宁北配(第三批)/2609/ [索取号:S646.03/88] 在馆    
17 2001623383   2001623383   辽三/辽宁北配(第三批)/2609/ [索取号:S646.03/88] 在馆    
18 2001623384   2001623384   辽三/辽宁北配(第三批)/2609/ [索取号:S646.03/88] 在馆    
19 2001623385   2001623385   辽三/辽宁北配(第三批)/2609/ [索取号:S646.03/88] 在馆    
20 2001623386   2001623386   辽三/辽宁北配(第三批)/2609/ [索取号:S646.03/88] 在馆    
21 2001623387   2001623387   辽三/辽宁北配(第三批)/2609/ [索取号:S646.03/88] 在馆    
22 2001623388   2001623388   辽三/辽宁北配(第三批)/2609/ [索取号:S646.03/88] 在馆    
23 2001623389   2001623389   辽三/辽宁北配(第三批)/2609/ [索取号:S646.03/88] 在馆    
24 2001623390   2001623390   辽三/辽宁北配(第三批)/2609/ [索取号:S646.03/88] 在馆    
25 2001623391   2001623391   辽三/辽宁北配(第三批)/2609/ [索取号:S646.03/88] 在馆    
26 2001623392   2001623392   辽三/辽宁北配(第三批)/2609/ [索取号:S646.03/88] 在馆    
27 2001623393   2001623393   辽三/辽宁北配(第三批)/2609/ [索取号:S646.03/88] 在馆    
28 2001623394   2001623394   辽三/辽宁北配(第三批)/2609/ [索取号:S646.03/88] 在馆    
29 2001623395   2001623395   辽三/辽宁北配(第三批)/2609/ [索取号:S646.03/88] 在馆    
30 2001623396   2001623396   辽三/辽宁北配(第三批)/2609/ [索取号:S646.03/88] 在馆    
山东省滨州职业学院图书馆 欢迎您!
大连网信软件有限公司© 版权所有